000 00276nam a2200109Ia 4500
008 190907s9999||||xx |||||||||||||| ||und||
100 _aCisco Press
245 0 _aInternetworking Technologies Handbook
260 _aNew Delhi
_bMcGraw -Hill
_c2001
300 _a1077
942 _cBK
999 _c6429
_d6429